[Event "Turkey Cup 2020"]
[Site "Antalya-Belek"]
[Date "2020.01.26"]
[Round "1.96"]
[White "Isikli, Murat Sedat"]
[Black "Keser, Murat"]
[Result "0-1"]
[WhiteElo "1400"]
[BlackElo "1847"]
[Annotator "NA"]
[PlyCount "80"]
[EventDate "2020.01.26"]
[EventType "swiss"]
[EventCountry "TUR"]
[SourceTitle "playchess.com"]
[Source "ChessBase"]
[SourceQuality "1"]

1. e4 c6 2. d4 d5 3. exd5 cxd5 4. Nf3 Bf5 5. c4 Nf6 6. Nc3 e6 7. cxd5 exd5 8. Bd3 Bxd3 9. Qxd3 Be7 10. O-O O-O 11. Re1 Bd6 12. Nb5 Nc6 13. a3 h6 14. Nxd6 Qxd6 15. g3 Rfe8 16. Bf4 Qd7 17. Ne5 Qh3 18. f3 Nh5 19. Bd2 Re6 20. Nxc6 Rxc6 21. g4 Rg6 22. Qf5 Nf6 23. Kh1 h5 24. Rg1 hxg4 25. Rg3 Qh5 26. Qxh5 Nxh5 27. Rxg4 Rxg4 28. fxg4 Nf6 29. h3 Ne4 30. Bc3 Rc8 31. Rc1 Ng3+ 32. Kg2 Ne2 33. Rc2 Nxd4 34. Rd2 Ne6 35. Kg3 Rd8 36. h4 d4 37. Bb4 Rd5 38. g5 a5 39. Bc3 b6 40. b4 dxc3 0-1

[Event "Turkey Cup 2020"]
[Site "Antalya-Belek"]
[Date "2020.01.26"]
[Round "1.97"]
[White "Kocakaplan, Emre"]
[Black "Yilmaz, Mustafa"]
[Result "1-0"]
[WhiteElo "1857"]
[BlackElo "1361"]
[Annotator "NA"]
[PlyCount "61"]
[EventDate "2020.01.26"]
[EventType "swiss"]
[EventCountry "TUR"]
[SourceTitle "playchess.com"]
[Source "ChessBase"]
[SourceQuality "1"]

1. d4 Nf6 2. Nf3 g6 3. g3 Bg7 4. Bg2 O-O 5. O-O d5 6. c4 c6 7. Nbd2 Nbd7 8. Qc2 Qc7 9. cxd5 Nxd5 10. e4 Nb4 11. Qb3 a5 12. a3 Na6 13. Nc4 b5 14. Ne3 e5 15. Ng4 exd4 16. Nh6+ Bxh6 17. Bxh6 Ndc5 18. Qc2 Rd8 19. Rad1 Bg4 20. Rxd4 Ne6 21. Rxd8+ Rxd8 22. Qc3 Nac5 23. Ng5 Be2 24. Re1 Bc4 25. Qf6 Bb3 26. Bh3 Re8 27. Nxe6 Nxe6 28. Re3 a4 29. Bxe6 fxe6 30. Rf3 e5 31. Qf8+ 1-0

[Event "Turkey Cup 2020"]
[Site "Antalya-Belek"]
[Date "2020.01.26"]
[Round "1.98"]
[White "Erdeniz, Mehmet"]
[Black "Kazik, Oguz Kagan"]
[Result "0-1"]
[WhiteElo "1466"]
[BlackElo "1888"]
[Annotator "NA"]
[PlyCount "116"]
[EventDate "2020.01.26"]
[EventType "swiss"]
[EventCountry "TUR"]
[SourceTitle "playchess.com"]
[Source "ChessBase"]
[SourceQuality "1"]

1. Nc3 d5 2. e4 d4 3. Nce2 e5 4. Ng3 Nf6 5. Nf3 Bd6 6. Bc4 a6 7. a3 O-O 8. d3 Nc6 9. Bd2 Ne7 10. Bg5 Ng6 11. h4 h6 12. h5 Nf4 13. Bxf4 exf4 14. Ne2 Bg4 15. Qd2 Nxh5 16. O-O-O c5 17. Rxh5 Bxh5 18. Nxf4 Bxf3 19. gxf3 Qg5 20. Nd5 Qxd2+ 21. Kxd2 b5 22. Ba2 g5 23. Rg1 Kh7 24. Nf6+ Kg6 25. Nd5 f5 26. Nb6 Rad8 27. Bd5 Bc7 28. exf5+ Kh7 29. Be4 Bxb6 30. f4 g4 31. Rh1 Rf6 32. Ke2 c4 33. a4 Rd7 34. Kf1 cxd3 35. cxd3 Rc7 36. Kg2 b4 37. Bd5 Rc5 38. Bc4 Rfxf5 39. Bxa6 Rxf4 40. Re1 Rc7 41. Re6 Bc5 42. Bc4 Kg7 43. a5 Rf6 44. Re8 h5 45. Rg8+ Kh6 46. a6 Kh7 47. Ra8 Kg6 48. Rg8+ Kf5 49. Rh8 Kg5 50. Rg8+ Rg6 51. Re8 h4 52. Re5+ Kf4 53. Re4+ Kf5 54. Re8 h3+ 55. Kh1 Rf6 56. Bd5 Rxa6 57. Be4+ Kf4 58. Re6 Rxe6 0-1

[Event "Turkey Cup 2020"]
[Site "Antalya-Belek"]
[Date "2020.01.26"]
[Round "1.99"]
[White "Erdogmus, Yagiz Kaan"]
[Black "Durak, Behzat"]
[Result "1-0"]
[WhiteElo "1866"]
[BlackElo "1515"]
[Annotator "NA"]
[PlyCount "61"]
[EventDate "2020.01.26"]
[EventType "swiss"]
[EventCountry "TUR"]
[SourceTitle "playchess.com"]
[Source "ChessBase"]
[SourceQuality "1"]

1. e4 Nc6 2. d4 d5 3. Nc3 Nf6 4. e5 Ng8 5. f4 Bf5 6. a3 h6 7. Nf3 e6 8. Be2 Be7 9. Be3 a6 10. Qd2 Qd7 11. Bd3 Bxd3 12. Qxd3 O-O-O 13. O-O Kb8 14. b4 Na7 15. Rfb1 c6 16. a4 b5 17. axb5 axb5 18. Ra5 Rc8 19. Nd2 Rc7 20. Na2 f5 21. Nb3 Qc8 22. Nc5 Ka8 23. Qa3 g5 24. Ra1 Rh7 25. Nc1 Bd8 26. N1b3 gxf4 27. Bxf4 Bg5 28. Bxg5 hxg5 29. Ra6 Qe8 30. Qa5 Qh5 31. Rxa7+ 1-0

[Event "Turkey Cup 2020"]
[Site "Antalya-Belek"]
[Date "2020.01.26"]
[Round "1.100"]
[White "Gur, Gurbuz"]
[Black "Muftuoglu, Musa Emin"]
[Result "1-0"]
[WhiteElo "1292"]
[BlackElo "1834"]
[Annotator "NA"]
[PlyCount "169"]
[EventDate "2020.01.26"]
[EventType "swiss"]
[EventCountry "TUR"]
[SourceTitle "playchess.com"]
[Source "ChessBase"]
[SourceQuality "1"]

1. e4 e6 2. d4 d5 3. Nc3 Nf6 4. Bg5 Be7 5. e5 Nfd7 6. Bxe7 Qxe7 7. f4 a6 8. Qg4 f5 9. exf6 Nxf6 10. Qd1 O-O 11. Bd3 c5 12. dxc5 Qxc5 13. Nf3 Qe3+ 14. Ne2 Ng4 15. Rf1 Qb6 16. Qc1 Nc6 17. c3 Bd7 18. h3 Ne3 19. Rf2 Rae8 20. Ned4 Nf5 21. Bxf5 exf5+ 22. Kf1 Na5 23. b3 Bb5+ 24. Kg1 Nc6 25. Qd2 Nxd4 26. Nxd4 Bc6 27. Re1 Re4 28. Rf3 Rfe8 29. Rfe3 g6 30. g3 Qc5 31. Kf2 h6 32. h4 h5 33. Kf3 Kf7 34. Kf2 Kg7 35. Kf3 a5 36. Kf2 Bd7 37. Nf3 b5 38. Nd4 Kf7 39. Nf3 Kg7 40. Nd4 b4 41. Rxe4 dxe4 42. cxb4 axb4 43. Rc1 Qb6 44. Qe3 Qa6 45. Rc2 Rc8 46. Rxc8 Qxc8 47. Qd2 Qc5 48. Qe3 Qa5 49. Qd2 Qb6 50. Qe3 Qc7 51. Qd2 Qb6 52. Qe3 Qb7 53. Nc2 Be6 54. Qd4+ Kf7 55. Nxb4 Qc7 56. Qd2 Qc5+ 57. Ke2 e3 58. Nd3 Qa7 59. Ne5+ Kf6 60. Qb2 Qa6+ 61. Kxe3 Ke7 62. Nxg6+ Kf7 63. Ne5+ Ke7 64. Qd2 Qf1 65. Qb4+ Ke8 66. Qa4+ Kf8 67. Qb4+ Ke8 68. Qb8+ Ke7 69. Qc7+ Ke8 70. Qc6+ Ke7 71. Qc2 Qe1+ 72. Qe2 Qxg3+ 73. Nf3 Qg7 74. Qc2 Qa1 75. Qc7+ Ke8 76. Qe5 Qc1+ 77. Kf2 Kd7 78. Qd4+ Kc7 79. Qa7+ Kd8 80. Qa5+ Ke7 81. Qb4+ Ke8 82. Qd2 Qc7 83. Qe3 Qc2+ 84. Kg3 Ke7 85. Qxe6+ 1-0

[Event "Turkey Cup 2020"]
[Site "Antalya-Belek"]
[Date "2020.01.26"]
[Round "1.101"]
[White "Selvi, Kaan"]
[Black "Yalcinkaya, Tolga"]
[Result "1-0"]
[WhiteElo "1907"]
[BlackElo "1338"]
[Annotator "NA"]
[PlyCount "167"]
[EventDate "2020.01.26"]
[EventType "swiss"]
[EventCountry "TUR"]
[SourceTitle "playchess.com"]
[Source "ChessBase"]
[SourceQuality "1"]

1. d4 Nf6 2. Nf3 e6 3. c3 b6 4. Bg5 Be7 5. Nbd2 Bb7 6. e3 d5 7. Bd3 Nbd7 8. Qb1 h6 9. Bh4 c5 10. O-O c4 11. Bc2 Rc8 12. Bxf6 Nxf6 13. Ne5 O-O 14. f4 Nd7 15. Ndf3 Nxe5 16. Nxe5 f5 17. g4 fxg4 18. Bh7+ Kh8 19. Ng6+ Kxh7 20. Nxf8+ Kg8 21. Nxe6 Qe8 22. Qf5 h5 23. Rae1 Qf7 24. Qxf7+ Kxf7 25. f5 Bh4 26. Re2 g5 27. Kg2 Bc6 28. Kg1 Kf6 29. Rd2 a5 30. e4 dxe4 31. d5 e3 32. Re2 Bf2+ 33. Rfxf2 exf2+ 34. Kxf2 Bxd5 35. Nd4 Rd8 36. Kg3 Bf7 37. Rd2 b5 38. a3 Rd5 39. Rd1 Be8 40. Re1 Bd7 41. Re3 Bxf5 42. Re8 h4+ 43. Kf2 Bd7 44. Ra8 a4 45. Rd8 Ke5 46. Ke3 Kd6 47. Rg8 Re5+ 48. Kf2 Kd5 49. Rd8 Kd6 50. Rg8 g3+ 51. hxg3 h3 52. Nf3 Rf5 53. g4 Rf4 54. Rg6+ Ke7 55. Kg3 Bxg4 56. Nxg5 h2 57. Rh6 Rf1 58. Rxh2 Bf5 59. Rf2 Rg1+ 60. Kf4 Bd3 61. Nf3 Rg8 62. Nd4 Rf8+ 63. Ke3 Rh8 64. Nxb5 Rh3+ 65. Kd4 Ke6 66. Kc5 Rh4 67. Nd4+ Kd7 68. Rf7+ Kc8 69. Rf2 Kb7 70. Kb4 Rh6 71. Rf7+ Kb8 72. Kxa4 Ra6+ 73. Kb4 Rb6+ 74. Nb5 Bg6 75. Re7 Bh5 76. Kxc4 Bd1 77. Kb4 Bc2 78. a4 Bd3 79. c4 Rc6 80. c5 Rh6 81. Ka5 Rh2 82. c6 Bxb5 83. axb5 Rxb2 84. Kb6 1-0

[Event "Turkey Cup 2020"]
[Site "Antalya-Belek"]
[Date "2020.01.27"]
[Round "2.1"]
[White "Yarar, Bora"]
[Black "Yilmazyerli, Mert"]
[Result "0-1"]
[WhiteElo "1871"]
[BlackElo "2411"]
[Annotator "TA RC"]
[PlyCount "92"]
[EventDate "2020.01.26"]
[EventType "swiss"]
[EventCountry "TUR"]
[SourceTitle "playchess.com"]
[Source "ChessBase"]
[SourceQuality "1"]

1. e4 c6 2. d4 d5 3. Nc3 g6 4. exd5 cxd5 5. g3 Bg7 6. Bg2 e6 7. Nf3 Ne7 8. O-O Nbc6 9. Ne2 O-O 10. c3 b5 11. Bd2 a5 12. a3 Ba6 13. b4 Nf5 14. Nf4 Nd6 15. Nd3 Nc4 16. Nc5 Ra7 17. Bf4 Qb6 18. Re1 Rfa8 19. Ng5 Bc8 20. bxa5 N6xa5 21. a4 h6 22. Nf3 Nb7 23. Rb1 Nxc5 24. Rxb5 Qd8 25. Rxc5 g5 26. Be3 Rxa4 27. Nd2 Nxe3 28. fxe3 Bd7 29. c4 Bf8 30. cxd5 Bxc5 31. dxc5 exd5 32. Nb3 Be6 33. Nd4 Qa5 34. c6 Qc3 35. Qc1 Qxc1 36. Rxc1 Ra1 37. Rxa1 Rxa1+ 38. Kf2 Kf8 39. e4 Ra2+ 40. Kg1 dxe4 41. c7 Ra1+ 42. Kf2 Rc1 43. Nb5 Bd7 44. Nd6 Rxc7 45. Nxe4 Rc2+ 46. Kg1 Rxg2+ 0-1

[Event "Turkey Cup 2020"]
[Site "Antalya-Belek"]
[Date "2020.01.27"]
[Round "2.2"]
[White "Ozen, Deniz"]
[Black "Yarar, Muammer Atakan"]
[Result "1-0"]
[WhiteElo "2423"]
[BlackElo "1812"]
[Annotator "TA"]
[PlyCount "63"]
[EventDate "2020.01.26"]
[EventType "swiss"]
[EventCountry "TUR"]
[SourceTitle "playchess.com"]
[Source "ChessBase"]
[SourceQuality "1"]

1. e4 c5 2. Nf3 Nc6 3. Bb5 Qb6 4. Nc3 e6 5. Bxc6 Qxc6 6. d4 d6 7. O-O a6 8. d5 Qc7 9. dxe6 Bxe6 10. Nd5 Bxd5 11. exd5 Be7 12. Re1 O-O-O 13. Rb1 Bf6 14. Re4 b5 15. c4 b4 16. a3 Ne7 17. axb4 cxb4 18. Qa4 Qb7 19. Bd2 Ng6 20. Bxb4 Ne5 21. Nd4 Nd3 22. Nc6 Rd7 23. Qa3 Ne5 24. Nxe5 Bxe5 25. Bc3 Bxc3 26. Qxc3 f6 27. Rbe1 Rhd8 28. Re8 Rxe8 29. Rxe8+ Rd8 30. Qh3+ Qd7 31. Rxd8+ Kxd8 32. Qxd7+ 1-0

[Event "Turkey Cup 2020"]
[Site "Antalya-Belek"]
[Date "2020.01.27"]
[Round "2.3"]
[White "Arpa, Emre"]
[Black "Ozen, Bahadir"]
[Result "0-1"]
[WhiteElo "1815"]
[BlackElo "2389"]
[Annotator "TA"]
[PlyCount "70"]
[EventDate "2020.01.26"]
[EventType "swiss"]
[EventCountry "TUR"]
[SourceTitle "playchess.com"]
[Source "ChessBase"]
[SourceQuality "1"]

1. e4 c5 2. Nf3 Nc6 3. d4 cxd4 4. Nxd4 Nf6 5. Nc3 e5 6. Ndb5 d6 7. Nd5 Nxd5 8. exd5 Nb8 9. c4 Be7 10. f4 Nd7 11. Bd3 O-O 12. O-O a6 13. Nc3 f5 14. fxe5 Nxe5 15. Bf4 Qb6+ 16. Kh1 Bd7 17. Bxe5 dxe5 18. Qb3 Qxb3 19. axb3 e4 20. Bc2 Rf6 21. g4 Raf8 22. Rae1 g6 23. Kg2 b5 24. g5 Rb6 25. Rb1 Rc8 26. d6 Rxd6 27. Rfd1 Rxd1 28. Rxd1 Be6 29. h4 Kf7 30. Ra1 Rd8 31. cxb5 Rd2+ 32. Kf1 axb5 33. Rc1 Rh2 34. Ne2 Rxh4 35. Ra1 Rh1+ 0-1

[Event "Turkey Cup 2020"]
[Site "Antalya-Belek"]
[Date "2020.01.27"]
[Round "2.4"]
[White "Yurtseven, Melih"]
[Black "Aydogdu, Selcan Ayberk"]
[Result "1-0"]
[WhiteElo "2385"]
[BlackElo "1940"]
[Annotator "TA"]
[PlyCount "63"]
[EventDate "2020.01.26"]
[EventType "swiss"]
[EventCountry "TUR"]
[SourceTitle "playchess.com"]
[Source "ChessBase"]
[SourceQuality "1"]

1. e4 e6 2. d4 d5 3. e5 c5 4. c3 Nc6 5. Nf3 Qb6 6. Be2 Nh6 7. Bxh6 gxh6 8. Qd2 cxd4 9. cxd4 Bd7 10. O-O O-O-O 11. Nc3 Ne7 12. b4 Nf5 13. Rab1 Kb8 14. a4 Rc8 15. a5 Qd8 16. Na2 h5 17. Nc1 Bh6 18. Qa2 Nh4 19. Nxh4 Qxh4 20. Nb3 Rhg8 21. g3 Qh3 22. Nc5 Be8 23. Rb3 h4 24. Kh1 hxg3 25. fxg3 Bf8 26. Rc3 Be7 27. Qc2 Bc6 28. Rxf7 Rcf8 29. Qxh7 Qxh7 30. Rxh7 Bxc5 31. bxc5 Rf2 32. Re3 1-0

[Event "Turkey Cup 2020"]
[Site "Antalya-Belek"]
[Date "2020.01.27"]
[Round "2.5"]
[White "Kaptan, Emre Akin"]
[Black "Koksal, Ege"]
[Result "0-1"]
[WhiteElo "1869"]
[BlackElo "2368"]
[Annotator "TA"]
[PlyCount "112"]
[EventDate "2020.01.26"]
[EventType "swiss"]
[EventCountry "TUR"]
[SourceTitle "playchess.com"]
[Source "ChessBase"]
[SourceQuality "1"]

1. e4 e5 2. Nf3 Nc6 3. Bb5 Nge7 4. Nc3 d6 5. d4 Bd7 6. Be3 Ng6 7. O-O Be7 8. Qd2 O-O 9. dxe5 Ncxe5 10. Nxe5 Nxe5 11. Bxd7 Qxd7 12. Nd5 c6 13. Nxe7+ Qxe7 14. Rad1 Rfd8 15. Bf4 Ng6 16. Rfe1 Qe6 17. b3 Rd7 18. Bg3 Rad8 19. c4 f5 20. exf5 Qxf5 21. Qd4 a6 22. Qe4 Qf7 23. Qe6 d5 24. cxd5 Qxe6 25. Rxe6 Rxd5 26. Rde1 Rd2 27. h4 Rxa2 28. Re8+ Rxe8 29. Rxe8+ Kf7 30. Rc8 Ne7 31. Rc7 Ke6 32. Rxb7 Ra5 33. Ra7 Rb5 34. Rxa6 Rxb3 35. Kf1 Kd5 36. Ra7 Nf5 37. Bf4 h5 38. g3 c5 39. Rf7 Ke4 40. Kg2 Rb2 41. Rc7 Rc2 42. Rc8 Nxh4+ 43. gxh4 Kxf4 44. Rg8 Kg4 45. Rxg7+ Kxh4 46. Rg8 Rc4 47. Rc8 Kg4 48. Rg8+ Kf5 49. Rh8 h4 50. Kh3 Ke5 51. Rf8 Rf4 52. Rd8 Rxf2 53. Kxh4 Rg2 54. Kh3 Rg7 55. Kh2 c4 56. Kh3 Ke4 0-1

[Event "Turkey Cup 2020"]
[Site "Antalya-Belek"]
[Date "2020.01.27"]
[Round "2.6"]
[White "Soylu, Suat"]
[Black "Uzuner, Tufan Can"]
[Result "1-0"]
[WhiteElo "2329"]
[BlackElo "1939"]
[Annotator "TA"]
[PlyCount "65"]
[EventDate "2020.01.26"]
[EventType "swiss"]
[EventCountry "TUR"]
[SourceTitle "playchess.com"]
[Source "ChessBase"]
[SourceQuality "1"]

1. Nf3 d5 2. g3 c6 3. Bg2 Bg4 4. O-O Nd7 5. d3 Ngf6 6. Nbd2 e5 7. h3 Bh5 8. e4 dxe4 9. dxe4 Qc7 10. Qe1 b5 11. Nh4 Bc5 12. Nb3 Bb6 13. a4 a6 14. Nf5 O-O 15. Be3 Rfe8 16. Bxb6 Nxb6 17. Qa5 Qb8 18. Nc5 Nxa4 19. Nxa4 bxa4 20. Rfb1 Bg6 21. Qxa4 c5 22. b3 Qc7 23. Qa5 Qd7 24. Rd1 Qa7 25. Rd6 Re6 26. Rad1 h6 27. Rd8+ Rxd8 28. Rxd8+ Ne8 29. Qa4 Kf8 30. Bf1 f6 31. Bc4 Rb6 32. Bd5 Bxf5 33. Rxe8# 1-0

[Event "Turkey Cup 2020"]
[Site "Antalya-Belek"]
[Date "2020.01.27"]
[Round "2.7"]
[White "Tum, Hakan"]
[Black "Kamer, Kayra"]
[Result "0-1"]
[WhiteElo "1852"]
[BlackElo "2348"]
[Annotator "TA"]
[PlyCount "80"]
[EventDate "2020.01.26"]
[EventType "swiss"]
[EventCountry "TUR"]
[SourceTitle "playchess.com"]
[Source "ChessBase"]
[SourceQuality "1"]

1. e4 c5 2. c3 Nf6 3. e5 Nd5 4. d4 cxd4 5. cxd4 e6 6. Nf3 d6 7. a3 Bd7 8. Bd3 Bc6 9. O-O Nd7 10. Re1 Rc8 11. b4 a6 12. Ng5 dxe5 13. Nxe6 fxe6 14. Qh5+ Ke7 15. Bg5+ N5f6 16. Qh3 e4 17. Nd2 Qb6 18. Nxe4 Bxe4 19. Bxe4 Kf7 20. d5 Re8 21. Be3 Qd6 22. dxe6+ Rxe6 23. Rad1 Rxe4 24. Rxd6 Bxd6 25. Rd1 Re6 26. Qf3 Rb8 27. g4 Ne5 28. Qf4 g5 29. Qf5 Nexg4 30. Bc5 Rd8 31. Kh1 Ke7 32. h3 Nh6 33. Qxg5 Nf7 34. Qf5 Re5 35. Qf3 Bxc5 36. Qxb7+ Kf8 37. Rxd8+ Nxd8 38. Qxa6 Be7 39. a4 Ne4 40. Qh6+ Ke8 0-1

[Event "Turkey Cup 2020"]
[Site "Antalya-Belek"]
[Date "2020.01.27"]
[Round "2.8"]
[White "Sevgi, Volkan"]
[Black "Canbulan, Arda"]
[Result "1-0"]
[WhiteElo "2345"]
[BlackElo "1840"]
[Annotator "TA"]
[PlyCount "69"]
[EventDate "2020.01.26"]
[EventType "swiss"]
[EventCountry "TUR"]
[SourceTitle "playchess.com"]
[Source "ChessBase"]
[SourceQuality "1"]

1. e4 e5 2. Nc3 Nc6 3. g3 Bc5 4. Bg2 d6 5. d3 f5 6. Na4 Nf6 7. Nxc5 dxc5 8. exf5 Bxf5 9. Be3 Qd6 10. Nf3 O-O 11. Nd2 Bg4 12. Qc1 Nd4 13. Bxd4 exd4 14. O-O Rae8 15. Nc4 Qe6 16. Qd2 b5 17. Rae1 Qf5 18. f3 bxc4 19. fxg4 Qxg4 20. dxc4 Rxe1 21. Qxe1 Qd7 22. Qa5 d3 23. Qxc5 Rd8 24. cxd3 Qxd3 25. Qxc7 Qd4+ 26. Kh1 h5 27. c5 Kh8 28. c6 Ng4 29. Qf7 Qc5 30. b4 Qb6 31. c7 Rc8 32. Qf8+ Rxf8 33. Rxf8+ Kh7 34. c8=Q Nf2+ 35. Rxf2 1-0

[Event "Turkey Cup 2020"]
[Site "Antalya-Belek"]
[Date "2020.01.27"]
[Round "2.9"]
[White "Cam, Vedat"]
[Black "Ozer, Omer Faruk"]
[Result "0-1"]
[WhiteElo "1879"]
[BlackElo "2338"]
[Annotator "TA"]
[PlyCount "138"]
[EventDate "2020.01.26"]
[EventType "swiss"]
[EventCountry "TUR"]
[SourceTitle "playchess.com"]
[Source "ChessBase"]
[SourceQuality "1"]

1. d4 Nf6 2. Nf3 e6 3. Bg5 h6 4. Bxf6 Qxf6 5. e4 d6 6. Bd3 g6 7. c3 Bg7 8. O-O Qe7 9. Nbd2 Nd7 10. Qe2 e5 11. Rfe1 O-O 12. Nf1 c6 13. Qc2 Rd8 14. Ne3 Nf8 15. d5 Nd7 16. b4 Nf6 17. c4 c5 18. a3 b6 19. Nd2 h5 20. f3 h4 21. Nb3 Nh5 22. Ra2 Qg5 23. bxc5 bxc5 24. Na5 Nf4 25. Nc6 Rf8 26. Rb2 Kh8 27. Kh1 f5 28. Nd1 Qh5 29. Rf1 h3 30. g3 Nxd3 31. Qxd3 fxe4 32. fxe4 Rxf1+ 33. Qxf1 Bg4 34. Nc3 Bf3+ 35. Kg1 Bh6 36. Qd3 Rf8 37. Rb8 Rxb8 38. Nxb8 Bg2 39. Nc6 Qg5 40. Kf2 Qc1 41. Nd1 Bd2 42. Qe2 Qc2 43. Qg4 Bg5+ 44. Qe2 Qb1 45. Nc3 Qc1 46. Nd1 Qxa3 47. Qg4 Qa2+ 48. Qe2 Qa1 49. Qg4 Qc1 50. Nxa7 Qd2+ 51. Qe2 Qd4+ 52. Ne3 Bxe4 53. Nb5 Qa1 54. Nxd6 Qh1 55. Nf1 Qg2+ 56. Ke1 Bf3 57. Qf2 Be7 58. Nf7+ Kh7 59. Nxe5 Bh5 60. Qf7+ Kh6 61. Qf4+ g5 62. Qe3 Bf6 63. d6 Qb2 64. d7 Bd8 65. g4 Ba5+ 66. Kd1 Qb1+ 67. Ke2 Qe1+ 68. Kd3 Qxf1+ 69. Ke4 Bf7 0-1

[Event "Turkey Cup 2020"]
[Site "Antalya-Belek"]
[Date "2020.01.27"]
[Round "2.10"]
[White "Isik, Alparslan"]
[Black "Gunay, Mehmet Eren"]
[Result "1-0"]
[WhiteElo "2328"]
[BlackElo "1803"]
[Annotator "TA RC"]
[PlyCount "41"]
[EventDate "2020.01.26"]
[EventType "swiss"]
[EventCountry "TUR"]
[SourceTitle "playchess.com"]
[Source "ChessBase"]
[SourceQuality "1"]

1. e4 c5 2. Nf3 d6 3. d4 cxd4 4. Nxd4 Nf6 5. Nc3 g6 6. Be3 Bg7 7. f3 O-O 8. Qd2 Nc6 9. O-O-O Nxd4 10. Bxd4 Be6 11. Kb1 Qc7 12. h4 h5 13. g4 Rfc8 14. gxh5 Nxh5 15. Bxg7 Kxg7 16. Rg1 Qa5 17. Rg5 Rc5 18. Qd4+ Kh7 19. b4 Qb6 20. Na4 Bxa2+ 21. Ka1 1-0

[Event "Turkey Cup 2020"]
[Site "Antalya-Belek"]
[Date "2020.01.27"]
[Round "2.11"]
[White "Kalemler, Kaan"]
[Black "Ozenir, Ekin Baris"]
[Result "1/2-1/2"]
[WhiteElo "1841"]
[BlackElo "2285"]
[Annotator "TA"]
[PlyCount "77"]
[EventDate "2020.01.26"]
[EventType "swiss"]
[EventCountry "TUR"]
[SourceTitle "playchess.com"]
[Source "ChessBase"]
[SourceQuality "1"]

1. e4 Nc6 2. Nf3 d6 3. d4 Nf6 4. Nc3 g6 5. Bc4 Bg7 6. O-O O-O 7. h3 Nxe4 8. Bxf7+ Rxf7 9. Nxe4 d5 10. Neg5 Rf8 11. Re1 Qd6 12. Qe2 Rf6 13. c4 e6 14. c5 Qf8 15. Ne5 Nxd4 16. Qd3 Nc6 17. Ng4 Rf5 18. Nxe6 Bxe6 19. Rxe6 Qxc5 20. Bh6 Ne5 21. Qg3 Nxg4 22. hxg4 Rf7 23. Rc1 Qf8 24. Be3 d4 25. Bg5 Re8 26. Qb3 Rxe6 27. Qxe6 c6 28. Re1 Kh8 29. Be7 Qe8 30. Bc5 Qxe6 31. Rxe6 h6 32. Rd6 Rf4 33. Bxa7 Rxg4 34. f3 Rf4 35. Kf2 d3 36. Rd8+ Kh7 37. Rxd3 Ra4 38. Bc5 Rc4 39. b4 1/2-1/2

[Event "Turkey Cup 2020"]
[Site "Antalya-Belek"]
[Date "2020.01.27"]
[Round "2.12"]
[White "Yaran, Siar"]
[Black "Bek, Emir"]
[Result "1-0"]
[WhiteElo "2248"]
[BlackElo "1829"]
[Annotator "TA"]
[PlyCount "41"]
[EventDate "2020.01.26"]
[EventType "swiss"]
[EventCountry "TUR"]
[SourceTitle "playchess.com"]
[Source "ChessBase"]
[SourceQuality "1"]

1. e4 d6 2. d4 g6 3. Nc3 Bg7 4. f4 c6 5. Nf3 Nd7 6. Bc4 b5 7. Bb3 b4 8. Ne2 e6 9. O-O Ne7 10. a3 bxa3 11. Rxa3 O-O 12. Ng3 d5 13. f5 dxe4 14. fxe6 exf3 15. exd7 fxg2 16. Rxf7 Rxf7 17. dxc8=Q Rxc8 18. Bxf7+ Kxf7 19. c3 Qd5 20. Rxa7 c5 21. Qg4 1-0

[Event "Turkey Cup 2020"]
[Site "Antalya-Belek"]
[Date "2020.01.27"]
[Round "2.13"]
[White "Keser, Murat"]
[Black "Eren, Ataberk"]
[Result "0-1"]
[WhiteElo "1847"]
[BlackElo "2274"]
[Annotator "TA"]
[PlyCount "78"]
[EventDate "2020.01.26"]
[EventType "swiss"]
[EventCountry "TUR"]
[SourceTitle "playchess.com"]
[Source "ChessBase"]
[SourceQuality "1"]

1. e4 e6 2. d4 d5 3. exd5 exd5 4. Bd3 Nc6 5. c3 Bd6 6. Ne2 Qf6 7. Na3 Bxa3 8. bxa3 Bf5 9. Bb5 Nge7 10. Bf4 Rc8 11. Be5 Qh6 12. h4 O-O 13. Bf4 Qf6 14. f3 h5 15. Qd2 Rfe8 16. O-O a6 17. Ba4 Ng6 18. Bg5 Qd6 19. Nf4 Nxf4 20. Qxf4 Qg6 21. Qd2 Qd6 22. Qf4 Qd7 23. Qg3 b5 24. Bb3 a5 25. Rae1 a4 26. Bd1 Na5 27. Rxe8+ Rxe8 28. Bf4 Nc4 29. Re1 Rxe1+ 30. Qxe1 Nxa3 31. Qe5 c6 32. Be2 Nb1 33. g4 hxg4 34. fxg4 Be4 35. g5 Nxc3 36. Bh5 Qh3 37. Bxf7+ Kxf7 38. Qc7+ Kg8 39. Qc8+ Qxc8 0-1

[Event "Turkey Cup 2020"]
[Site "Antalya-Belek"]
[Date "2020.01.27"]
[Round "2.14"]
[White "Tarlabasi, Emirhan"]
[Black "Kocakaplan, Emre"]
[Result "1-0"]
[WhiteElo "2274"]
[BlackElo "1857"]
[Annotator "TA"]
[PlyCount "116"]
[EventDate "2020.01.26"]
[EventType "swiss"]
[EventCountry "TUR"]
[SourceTitle "playchess.com"]
[Source "ChessBase"]
[SourceQuality "1"]

1. d4 Nf6 2. c4 e6 3. Nc3 d5 4. cxd5 exd5 5. Bg5 Be7 6. Qc2 O-O 7. e3 Nbd7 8. Bd3 h6 9. Bh4 c6 10. Nge2 Re8 11. f3 b6 12. O-O Bb7 13. Rad1 Rc8 14. Bf5 c5 15. Kh1 cxd4 16. Nxd4 Rc5 17. b4 Rc4 18. Bd3 Rc8 19. Qb3 Ne5 20. Bb5 Rf8 21. Nf5 a6 22. Be2 Nc4 23. e4 Nd6 24. Nxe7+ Qxe7 25. Bxf6 Qxf6 26. Nxd5 Bxd5 27. Qxd5 Nb5 28. e5 Qg5 29. f4 Qf5 30. Bd3 Qe6 31. Qxe6 fxe6 32. Bg6 Nc3 33. Rd2 Nd5 34. g3 Nxb4 35. Rd6 Rc6 36. Rfd1 Rxd6 37. Rxd6 Rb8 38. a3 Nd5 39. Rxe6 Kf8 40. Rd6 Ne7 41. Bd3 a5 42. a4 Ke8 43. Kg2 Kf7 44. g4 Kf8 45. Kf3 Rc8 46. Rxb6 Rc3 47. Ke4 Nc6 48. Bb5 Nb4 49. Rb8+ Ke7 50. f5 Rc1 51. Re8+ Kf7 52. e6+ Kf6 53. Rf8+ Kg5 54. Rf7 Re1+ 55. Kd4 Rd1+ 56. Kc5 Rc1+ 57. Kd6 Rd1+ 58. Ke7 Kxg4 1-0

[Event "Turkey Cup 2020"]
[Site "Antalya-Belek"]
[Date "2020.01.27"]
[Round "2.15"]
[White "Kazik, Oguz Kagan"]
[Black "Ozsakallioglu, Okan"]
[Result "0-1"]
[WhiteElo "1888"]
[BlackElo "2272"]
[Annotator "TA"]
[PlyCount "134"]
[EventDate "2020.01.26"]
[EventType "swiss"]
[EventCountry "TUR"]
[SourceTitle "playchess.com"]
[Source "ChessBase"]
[SourceQuality "1"]

1. d4 g6 2. Nf3 Bg7 3. e4 d6 4. Nc3 Nf6 5. Be2 O-O 6. O-O c6 7. a4 Nbd7 8. e5 Ne8 9. Bf4 dxe5 10. dxe5 Qa5 11. Qd4 Nc7 12. Bc4 Qb6 13. Rfe1 Qxd4 14. Nxd4 Nc5 15. Bg3 a5 16. Rad1 Re8 17. b3 N5e6 18. Nf3 Rb8 19. h3 b5 20. Bf1 Rb6 21. axb5 cxb5 22. Ra1 b4 23. Nd1 Bb7 24. Ne3 Bxf3 25. gxf3 Nd4 26. Kg2 Ra8 27. Bd3 Nce6 28. Nc4 Rba6 29. Ne3 R6a7 30. Be4 Rc8 31. Nc4 Rc5 32. Bd3 h5 33. h4 Rb5 34. Ne3 Rc5 35. Nc4 Nc6 36. f4 Ncd4 37. Ra2 Bh6 38. Re4 Nb5 39. Ra1 Nc3 40. Ree1 Bxf4 41. Kf3 Bh6 42. Kg2 Nd5 43. Be4 Nc3 44. Bd3 Rd5 45. f3 Nc5 46. Bf2 Nxd3 47. cxd3 Ra6 48. d4 Bf4 49. Kf1 Kf8 50. Kg2 Ke8 51. Kf1 Kd7 52. Kg2 Kc6 53. Nb2 Bd2 54. Rf1 Nb5 55. Nc4 Bc3 56. Rxa5 Rxa5 57. Nxa5+ Kc7 58. Rd1 Bxd4 59. Nc4 e6 60. Nd6 Kc6 61. Nxb5 Bxf2 62. Rxd5 exd5 63. Nd6 Bxh4 64. Nxf7 Kd7 65. Nh8 g5 66. Ng6 Ke6 67. f4 Be1 0-1